47_沖縄県の市町村(ひらがな対応・五十音順) - Statistics

General Stats
  • This quiz has been taken 35 times
  • The average score is 34 of 41
Answer Stats
種類 市町村名 % Correct
那覇市
100%
沖縄市
96%
名護市
96%
石垣市
92%
うるま市
92%
宜野湾市
92%
中城村
92%
糸満市
88%
恩納村
88%
北中城村
88%
宮古島市
88%
読谷村
88%
伊江村
85%
北大東村
85%
宜野座村
85%
国頭村
85%
竹富町
85%
多良間村
85%
北谷町
85%
豊見城市
85%
今帰仁村
85%
南風原町
85%
南大東村
85%
与那国町
85%
伊是名村
81%
浦添市
81%
金武町
81%
渡嘉敷村
81%
南城市
81%
東村
81%
伊平屋村
77%
嘉手納町
77%
久米島町
77%
渡名喜村
77%
与那原町
77%
粟国村
73%
大宜味村
73%
座間味村
73%
本部町
73%
八重瀬町
73%
西原町
69%
No matching quizzes found
Score Distribution
Percent of People with Each Score
Percentile by Number Answered
Your Score History
You have not taken this quiz